00786nam a2200217Ia 4500003000900000008004100009040001600050080001700066100002700083245010200110260004000212300001500252490005400267650001900321650003200340650003000372700002600402942000700428999001500435952011800450IN-BaIIA211028s9999 xx 000 0 eng d cIIA Library a519.853bKUN aKunzi, Hans Paul95139 0aNonlinear programmingcHans Paul Kunzi and Wilhelm Krelle  aWalthambBlaisdell Publishingc1966 axiv, 240p. aA blaisdell book in the pure and applied sciences aNASA thesaurus aNonlinear programming95140 aOperations research91657 aKrelle, Wilhelm95141 cBK c2879d2879 00104070aBANbBANcGENd1967-03-30g61.20l0o519.853/ KUNp3203r2021-11-05v61.20w1967-03-30yBKGRs. 61.20